| 000 | 00344nam a22001457a 4500 | ||
|---|---|---|---|
| 003 | SGT | ||
| 020 | _a978-93-81390-32-0 | ||
| 082 |
_a610.73 _bF15K |
||
| 100 | _aKAUR, MANINDER | ||
| 245 | _aFUNDAMENTALS OF NURSING FOR GNM STUDENTS | ||
| 250 | _a1ST | ||
| 260 |
_aJALANDHAR , INDIA _bPEE-VEE PUB. _c2015 |
||
| 300 | _a592 | ||
| 942 |
_2ddc _cBK _013 |
||
| 999 |
_c8187 _d8187 |
||